00464nam a22001457a 4500003000500000038001800005082000800023100001600031245010300047264003700150300001200187650002500199700003700224856005700261NUST aNusrat Nadeem a200 aEjaz, Amna  aLearning Category Aware Aggregation for Large Scale Point Cloud Semantic Segmentation /cAmna Ejaz aIslamabad :bSEECS, NUST,c2022. a52 p. ; aMS-Computer Science  aSupervisor: Dr. Muhammad Shahzad uhttp://10.250.8.41:8080/xmlui/handle/123456789/29994